| 000 | 01643nam a22003375a 4500 | ||
|---|---|---|---|
| 999 |
_c6262 _d6262 |
||
| 003 | EG-ScBUE | ||
| 005 | 20191229111711.0 | ||
| 008 | 100811s1979 au r f d00 0 ara ara d | ||
| 017 | _a3402 | ||
| 020 | _a9772478692 | ||
| 040 |
_aEG-SCBUE _bara _erda _cEG-SCBUE _dEG-SCBUE |
||
| 082 | 0 | 4 |
_a492.73 _bم ن ظ _222 |
| 100 | 1 |
_aابن منظور، محمد بن مكرم، _d630-711 هـ.، _eمؤلف. _917405 |
|
| 245 | 1 | 0 |
_aلسان العرب / _cابن منظور ؛ تولى تحقيق لسان العرب نخبة من العاملين بدار المعارف هم الأساتذة عبد الله علي الكبير، محمد أحمد حسب الله، هاشم محمد الشاذلي. |
| 250 | _aطبعة جديدة محققة ومشكولة شكلا كاملا ومذيلة بفهارس مفصلة. | ||
| 264 | 1 |
_aالقاهرة : _bدار المعارف، _c[1979] |
|
| 300 |
_a6 مجلدات ؛ _c28 سم |
||
| 336 |
_2rdacontent _aنص _btxt |
||
| 337 |
_2rdamedia _aبدون وسيط _bn |
||
| 338 |
_2rdacarrier _aمجلد _bnc |
||
| 505 | 0 | _aالمجلد الأول -- المجلد الثاني -- المجلد الثالث -- المجلد الرابع -- المجلد الخامس -- المجلد السادس. | |
| 590 | _ashimaahisham | ||
| 650 | 7 |
_aاللغة العربية _vمعاجم. _2BUEsh _98104 |
|
| 651 | _2BUEsh | ||
| 653 |
_bGGEN _cDecember2019 |
||
| 655 | _vReading book | ||
| 700 | 1 |
_aكبير، عبد الله علي، _eمحقق. |
|
| 700 | 1 |
_aحسب الله، محمد أحمد، _eمحقق. |
|
| 700 | 1 |
_aشاذلي، هاشم محمد، _eمحقق. |
|
| 942 |
_cREFERENCE _k492.73 م ن ظ _2ddc |
||